Kurz akademického počúvania ako súčasť výučby odborného jazyka na Ekonomickej univerzite v Bratislave

Vysokoškolskí študenti majú možnosť navštevovať niektoré prednášky nielen v slovenskom, ale aj anglickom jazyku. Trojročný výskum tímu učiteľov angličtiny na Katedre anglického jazyka EU v Bratislave (výskum začal v roku 2005). Charakteristické znaky akademického počúvania. Výskum. Kurz akademického...

Full description

Saved in:
Bibliographic Details
Main Author: Zsapková, Eleonóra
Other Authors: Pašková, Hana
Format: Book Chapter
Language:Slovak
Subjects:
Tags: Add Tag
No Tags, Be the first to tag this record!

MARC

LEADER 00000naa$a2200000$$$4500
001 0076807
005 20240502083214.4
041 0 |a slo 
044 |a CZ 
245 1 0 |a Kurz akademického počúvania ako súčasť výučby odborného jazyka na Ekonomickej univerzite v Bratislave  |c Eleonóra Zsapková, Hana Pašková 
520 |a Vysokoškolskí študenti majú možnosť navštevovať niektoré prednášky nielen v slovenskom, ale aj anglickom jazyku. Trojročný výskum tímu učiteľov angličtiny na Katedre anglického jazyka EU v Bratislave (výskum začal v roku 2005). Charakteristické znaky akademického počúvania. Výskum. Kurz akademického počúvania. 
610 2 0 |a jazyky cudzie 
610 2 0 |a angličtina 
610 2 0 |a výučba vedecká 
610 2 0 |a kurzy 
610 2 0 |a výskum 
100 1 |a Zsapková, Eleonóra 
700 1 |a Pašková, Hana